000 00622nam a22002177a 4500
003 UA-OsUOA
001 72772
007 ta
008 20110127b un ||||| |||| 00| 0 ukr d
100 _aЩурик М.
090 _a330(477)
_bЩ98
942 _cSA
040 _aUA-OsUOA
_bfre
_cUA-OsUOA
_dUA-OsUOA
245 _aМорально-етичні засадиприватизації земельних ресурсів АПК
300 _aС.55-57
955 _a0
041 _afre
080 _a330(477)
773 0 _w72771
_tЕкономіст
_dК.
_d2010
_g12
650 7 _a330 Економіка взагалі
_2UDC
999 _c359056
_d359056